| 000 | 00955cam a2200253 a 4500 | ||
|---|---|---|---|
| 008 | |||
| 020 | _a047191391X (pbk.) | ||
| 049 | _aMAIN | ||
| 090 |
_aQH212.S3 _bLAW |
||
| 100 | 1 | _aLawes, Graham. | |
| 245 | 1 | 0 |
_aScanning electron microscopy and x-ray microanalysis / _cGrahame Lawes, editor Arthur M. James on behalf of ACOL. |
| 260 |
_aChichester [West Sussex] : _bPublished on behalf of ACOL, Thames Polytecnic, London, by Wiley, _cc1987. |
||
| 300 |
_axvii, 103 p., [1] leaf of plate : _bill. (some col.) ; _c23 cm. |
||
| 490 | 1 | _aAnalytical Chemistry by Open Learning. | |
| 650 | 0 |
_aScanning electron microscopy _vX-ray microanalysis. |
|
| 650 | 0 | _aX-ray microanalysis. | |
| 700 | 1 | _aJames, Arthur M. | |
| 830 | 0 | _aAnalytical Chemistry by Open Learning (Series) | |
| 907 |
_a.b10280455 _b08-08-13 _c16-08-10 |
||
| 003 | |||
| 005 | 20230120144451.0 | ||
| 040 | _cNUST | ||
| 942 |
_cBOOKS _kQH212.S3 _mLAW |
||
| 999 |
_c97377 _d97377 |
||